US states containing the letter U - Statistics

General Stats
  • This quiz has been taken 96 times
  • The average score is 6 of 8
Answer Stats
Answer % Correct
Utah
90%
South Dakota
80%
South Carolina
79%
Louisiana
68%
Massachusetts
62%
Missouri
62%
Connecticut
61%
Kentucky
59%
No matching quizzes found
Score Distribution
Percent of People with Each Score
Percentile by Number Answered
Your Score History
You have not taken this quiz